000 00754nam a22002537a 4500
999 _c88
_d88
001 5580
003 BD-DhUAP
005 20200901110956.0
008 200116b20021998 a|||| |||| 001 0 eng d
020 _a817808113X
040 _aBD-DhUAP
_bEng
_cBD-DhUAP
_dBD-DhUAP
082 _223
_a005.1 KNU
100 _aKnuth, Donald E.
245 _aThe art of computer programming /
_cDonald E. Knuth.
250 _a2nd ed.
260 _aSingapore :
_bPearson education Asia,
_cc1998 [Reprinted 2002].
300 _avolumes :
_billustrations ;
_c24 cm.
500 _aIncludes index.
505 _aV. 3- Sorting and searching.
650 _aComputer programming
650 _aComputer algorithms.
650 _aSorting
_vElectronic computers.
942 _2ddc
_cBK